000 00489cam a2200193ua 4500
001 11878
005 20260515114818.0
008 191120n ii |||gr||||Z||||||eng
020 _a97802670089369
040 _cMAIN
082 _a320.5315
100 _aRamachandra Guha,
_eAuthor.
245 _aDemocrats and dissenters
_cBy Ramachandra Guha
250 _a1st ed.
260 _aHaryana:
_bPenguin Random house,
_c2016.
300 _a317p.
653 _aPolitical science
942 _cBK
999 _c10656
_d10656